00485nam a2200145Ia 4500008004100000041000800041082001500049100002200064245004500086250001400131260003900145300003200184999001700216952010600233240624s9999 xx 000 0 und d aeng a658.83 MAL aMALHOTRA NARESH K aMARKETING RESEARCH AN APPLIED ORIENTATIO a(5th ed.) c2010aNew DelhibPearson Education axxxi, : 859 : p. : cm. ; 27 c15269d15269 02104070aIMTNbIMTNcRack 37-Bd2010-06-01o658.83 MALp15269r2024-06-24 00:00:00w2024-06-24yBK